<?xml version="1.0" encoding="UTF-8"?>
<record
    xmlns:xsi="http://www.w3.org/2001/XMLSchema-instance"
    xsi:schemaLocation="http://www.loc.gov/MARC21/slim http://www.loc.gov/standards/marcxml/schema/MARC21slim.xsd"
    xmlns="http://www.loc.gov/MARC21/slim">

  <leader>01582nam a2200313 i 4500</leader>
  <controlfield tag="003">DO-SdBNP</controlfield>
  <controlfield tag="005">20230922115353.0</controlfield>
  <controlfield tag="007">ta</controlfield>
  <controlfield tag="008">110413s2023    dr d          000 j spa d</controlfield>
  <datafield tag="020" ind1=" " ind2=" ">
    <subfield code="a">9789945587302</subfield>
  </datafield>
  <datafield tag="040" ind1=" " ind2=" ">
    <subfield code="a">DO-SdBNP</subfield>
    <subfield code="b">spa</subfield>
    <subfield code="c">BNPHU</subfield>
    <subfield code="e">rda</subfield>
  </datafield>
  <datafield tag="082" ind1=" " ind2=" ">
    <subfield code="b">B742r</subfield>
    <subfield code="2">22</subfield>
  </datafield>
  <datafield tag="100" ind1=" " ind2=" ">
    <subfield code="a">Bosch Carcuro, Mat&#xED;as</subfield>
    <subfield code="d">1977-</subfield>
    <subfield code="9">78616</subfield>
  </datafield>
  <datafield tag="245" ind1="1" ind2="0">
    <subfield code="a">Radiograf&#xED;a del trabajo y los salarios en Rep&#xFA;blica Dominicana 2021-2023 : </subfield>
    <subfield code="b">an&#xE1;lisis y perspectivas para el debate sobre desarrollo, bienestar y justicia social /</subfield>
    <subfield code="c">Mat&#xED;as Bosch Carcuro, Francisco A. Tav&#xE1;rez V&#xE1;squez, Perla Massiel Rosario Fabi&#xE1;n</subfield>
  </datafield>
  <datafield tag="264" ind1=" " ind2="1">
    <subfield code="a">Santo Domingo :</subfield>
    <subfield code="b">Universidad Aut&#xF3;noma de Santo Domingo,</subfield>
    <subfield code="b">Fundaci&#xF3;n Juan Bosch,</subfield>
    <subfield code="c">2023.</subfield>
  </datafield>
  <datafield tag="300" ind1=" " ind2=" ">
    <subfield code="a">93 p&#xE1;ginas </subfield>
    <subfield code="c">28 cm.</subfield>
    <subfield code="b">graficas</subfield>
  </datafield>
  <datafield tag="336" ind1=" " ind2=" ">
    <subfield code="2">rdacontent</subfield>
    <subfield code="a">texto</subfield>
    <subfield code="b">txt</subfield>
  </datafield>
  <datafield tag="337" ind1=" " ind2=" ">
    <subfield code="2">rdamedia</subfield>
    <subfield code="a">sin mediaci&#xF3;n </subfield>
    <subfield code="b">n</subfield>
  </datafield>
  <datafield tag="338" ind1=" " ind2=" ">
    <subfield code="2">rdacarrier</subfield>
    <subfield code="a">volumen</subfield>
    <subfield code="b">nc</subfield>
  </datafield>
  <datafield tag="500" ind1=" " ind2=" ">
    <subfield code="a">Incluye breve biograf&#xED;a de los autores en la p&#xE1;gina 4.</subfield>
  </datafield>
  <datafield tag="500" ind1=" " ind2=" ">
    <subfield code="a">Incluye &#xED;ndice de gr&#xE1;ficos y cuadros.</subfield>
  </datafield>
  <datafield tag="504" ind1=" " ind2=" ">
    <subfield code="a">Bibliograf&#xED;a p: 91-93</subfield>
  </datafield>
  <datafield tag="505" ind1="2" ind2=" ">
    <subfield code="t">Presentaci&#xF3;n --</subfield>
    <subfield code="t">Introducci&#xF3;n --</subfield>
    <subfield code="t">Definiciones necesarias --</subfield>
    <subfield code="t">Crecimiento, trabajo y salario --</subfield>
    <subfield code="t">El empleo en Rep&#xFA;blica Dominicana --</subfield>
    <subfield code="t">Ganadores y perdedores --</subfield>
    <subfield code="t">Pobreza en el &#xE9;xito --</subfield>
    <subfield code="t">An&#xE1;lisis de los ajustes salariales en el periodo julio 2021 - febrero 2023 --</subfield>
    <subfield code="t">Conclusiones --</subfield>
    <subfield code="t">Recursos bibliogr&#xE1;ficos /</subfield>
  </datafield>
  <datafield tag="590" ind1=" " ind2=" ">
    <subfield code="a">Inventariado, 2023/ YL</subfield>
  </datafield>
  <datafield tag="700" ind1="1" ind2="2">
    <subfield code="a">Tav&#xE1;rez V&#xE1;squez, Francisco A. </subfield>
    <subfield code="e">autor</subfield>
    <subfield code="9">84163</subfield>
  </datafield>
  <datafield tag="700" ind1="1" ind2="2">
    <subfield code="a">Rosario Fabi&#xE1;n, Perla Massiel</subfield>
    <subfield code="e">autora</subfield>
    <subfield code="9">84164</subfield>
  </datafield>
  <datafield tag="910" ind1=" " ind2=" ">
    <subfield code="a">YLockward</subfield>
  </datafield>
  <datafield tag="942" ind1=" " ind2=" ">
    <subfield code="2">ddc</subfield>
    <subfield code="c">LBS1</subfield>
  </datafield>
  <datafield tag="952" ind1=" " ind2=" ">
    <subfield code="0">0</subfield>
    <subfield code="1">0</subfield>
    <subfield code="2">ddc</subfield>
    <subfield code="5">1</subfield>
    <subfield code="7">0</subfield>
    <subfield code="8">PD</subfield>
    <subfield code="a">BNPHU</subfield>
    <subfield code="b">BNPHU</subfield>
    <subfield code="c">CT</subfield>
    <subfield code="d">2023-06-12</subfield>
    <subfield code="e">Fundaci&#xF3;n Juan Bosch</subfield>
    <subfield code="l">0</subfield>
    <subfield code="o">BNPHU PD B742r</subfield>
    <subfield code="p">2023-6342</subfield>
    <subfield code="r">2023-09-22</subfield>
    <subfield code="w">2023-09-22</subfield>
    <subfield code="y">LBS1</subfield>
  </datafield>
  <datafield tag="952" ind1=" " ind2=" ">
    <subfield code="0">0</subfield>
    <subfield code="1">0</subfield>
    <subfield code="2">ddc</subfield>
    <subfield code="5">1</subfield>
    <subfield code="7">0</subfield>
    <subfield code="8">PD</subfield>
    <subfield code="a">BNPHU</subfield>
    <subfield code="b">BNPHU</subfield>
    <subfield code="c">CT</subfield>
    <subfield code="d">2023-06-12</subfield>
    <subfield code="e">Fundaci&#xF3;n Juan Bosch</subfield>
    <subfield code="l">0</subfield>
    <subfield code="o">BNPHU PD B742r</subfield>
    <subfield code="p">2023-6343</subfield>
    <subfield code="r">2023-09-22</subfield>
    <subfield code="t">e. 2</subfield>
    <subfield code="w">2023-09-22</subfield>
    <subfield code="y">LBS1</subfield>
  </datafield>
  <datafield tag="952" ind1=" " ind2=" ">
    <subfield code="0">0</subfield>
    <subfield code="1">0</subfield>
    <subfield code="2">ddc</subfield>
    <subfield code="5">6</subfield>
    <subfield code="7">0</subfield>
    <subfield code="8">DS</subfield>
    <subfield code="a">BNPHU</subfield>
    <subfield code="b">BNPHU</subfield>
    <subfield code="c">CT</subfield>
    <subfield code="d">2023-06-12</subfield>
    <subfield code="e">Fundaci&#xF3;n Juan Bosch</subfield>
    <subfield code="l">0</subfield>
    <subfield code="o">BNPHU DS B742r</subfield>
    <subfield code="p">2023-6344</subfield>
    <subfield code="r">2023-09-22</subfield>
    <subfield code="t">e. 3</subfield>
    <subfield code="w">2023-09-22</subfield>
    <subfield code="y">LBS1</subfield>
  </datafield>
  <datafield tag="999" ind1=" " ind2=" ">
    <subfield code="c">54907</subfield>
    <subfield code="d">54907</subfield>
  </datafield>
</record>
